Fr. Conceicao Rodrigues College of Engineering

Technology of Wood Working (Record no. 23294)

MARC details
000 -LEADER
fixed length control field 00311nam a2200145Ia 4500
082 ## - DEWEY DECIMAL CLASSIFICATION NUMBER
Classification number 684
100 ## - MAIN ENTRY--PERSONAL NAME
Personal name Vlasov/G.D
245 ## - TITLE STATEMENT
Title Technology of Wood Working
260 ## - PUBLICATION, DISTRIBUTION, ETC.
Name of publisher, distributor, etc. Higher School Publishing House
300 ## - PHYSICAL DESCRIPTION
Extent 496
546 ## - LANGUAGE NOTE
Language note ENGLISH
650 ## - SUBJECT ADDED ENTRY--TOPICAL TERM
Topical term or geographic name entry element Chemistry
654 ## - SUBJECT ADDED ENTRY--FACETED TOPICAL TERMS
Focus term Wood working
942 ## - ADDED ENTRY ELEMENTS (KOHA)
Koha item type BOOK
Holdings
Withdrawn status Lost status Damaged status Not for loan Collection Home library Current library Date acquired Cost, normal purchase price Total Checkouts Full call number Barcode Date last seen Cost, replacement price Price effective from Koha item type
        AFT Fr. Agnel's C.Rodrigues College of Engineering Fr. Agnel's C.Rodrigues College of Engineering 17/03/2023 7.25   684 AFT1098 17/03/2023 7.25 17/03/2023 BOOK